000 00457nmm a2200157Ia 4500
008 251105s9999||||xx |||||||||||||||||und||
020 _a9788469207802
041 _aspa
100 _aCassell, Eric
245 0 _aLa persona como sujeto de la medicina
264 _a[Madrid, España] :
_bFundació Víctor Grífols i Lucas,
_c2009
300 _a62 páginas
650 _aMedicine
856 _uhttps://public.digitaliapublishing.com/a/24301
942 _cCF
999 _c84702
_d84702